<?xml version="1.0" encoding="UTF-8"?>
<marc:record xmlns:marc="http://www.loc.gov/MARC21/slim">
   <marc:leader>00000nam a2200000 a 4500</marc:leader>
   <marc:datafield ind1="1" ind2=" " tag="100">
      <marc:subfield code="a">Oliver, Buddy</marc:subfield>
      <marc:subfield code="4">aut</marc:subfield>
      <marc:subfield code="e">Verfasser/-in</marc:subfield>
   </marc:datafield>
   <marc:datafield ind1="0" ind2="0" tag="245">
      <marc:subfield code="a">Let's cook</marc:subfield>
   </marc:datafield>
   <marc:datafield ind1="0" ind2="0" tag="245">
      <marc:subfield code="b">60 Rezepte - einfach und nice. Mit Vorwort von seinem Dad Jamie Oliver</marc:subfield>
   </marc:datafield>
   <marc:datafield ind1="0" ind2="0" tag="245">
      <marc:subfield code="c">Oliver, Buddy</marc:subfield>
   </marc:datafield>
   <marc:datafield ind1=" " ind2="1" tag="264">
      <marc:subfield code="a">München</marc:subfield>
      <marc:subfield code="b">DK Verlag Dorling Kindersley</marc:subfield>
      <marc:subfield code="c">2024</marc:subfield>
   </marc:datafield>
   <marc:datafield ind1=" " ind2=" " tag="250">
      <marc:subfield code="a">1. Auflage</marc:subfield>
   </marc:datafield>
   <marc:datafield ind1="1" ind2=" " tag="520">
      <marc:subfield code="a">Das Kochbuch von Buddy Oliver&#xD;
Inspiriert durch seine kochbegeisterte Familie, hat Buddy Oliver sein erstes eigenes Kochbuch geschrieben – mit mehr als 60 Rezepten, die nicht nur Spaß machen, sondern auch absolut köstlich sind! Die leckeren Gerichte in “Let’s Cook” verhelfen vor allem Anfängern zu Selbstvertrauen beim Kochen und schmecken der ganzen Familie.&#xD;
&#xD;
Buddys Kochbuch schickt Kinder (und ihre Eltern!) über einen Regenbogen aus großartigen Kochideen und fördert so ganz nebenbei die Küchen-Fertigkeiten – auch dank der einfachen Rezept Beschreibungen und verlockenden Food-Fotos. Zu den Kapiteln gehören “Frühstück und Brunch”, "Familien-Favoriten", “Skills fürs Leben” sowie ein eigenes Pasta-Kapitel, eine Sammlung saisonaler Lieblingsgerichte, schnelle Hausaufgaben-Snacks und ein paar beliebte Süßspeisen und Partygerichte! Buddys Rezepte stecken voller hilfreicher Tipps und kommen mit Zutaten aus, die überall leicht erhältlich sind.&#xD;
&#xD;
Diese und weitere Rezepte gibt’s im Buch:&#xD;
Schnelle und einfache Pizzen&#xD;
Fischstäbchen-Sandwiches&#xD;
Gegrillte Hähnchen-Lollis&#xD;
Einfache Fleischbällchen mit Spaghetti&#xD;
Der ultimative Burger&#xD;
Schokoladiger Becherkuchen für die Mikrowelle&#xD;
&#xD;
Bei “Let's Cook” dreht sich alles um tolle, nahrhafte und bewährte Rezepte, bei deren Zubereitung ganz nebenbei die so wichtigen alltäglichen Küchen-Skills erlernt werden können.</marc:subfield>
   </marc:datafield>
   <marc:datafield ind1=" " ind2=" " tag="020">
      <marc:subfield code="a">9783831050222</marc:subfield>
      <marc:subfield code="9">9783831050222</marc:subfield>
   </marc:datafield>
   <marc:datafield ind1=" " ind2=" " tag="020">
      <marc:subfield code="a">3831050228</marc:subfield>
      <marc:subfield code="9">3831050228</marc:subfield>
   </marc:datafield>
   <marc:datafield ind1=" " ind2=" " tag="041">
      <marc:subfield code="a">ger</marc:subfield>
   </marc:datafield>
   <marc:datafield ind1=" " ind2=" " tag="300">
      <marc:subfield code="a">192 Seiten</marc:subfield>
   </marc:datafield>
</marc:record>
